Cliquez sur le film Disney par chanson #1 - Statistiques

Statistiques générales
  • Ce quiz a été pris 73 333 fois
  • Le résultat moyen est 16 sur 25
Statistiques - réponses
Hint Réponse % Correct
Prince Ali Aladdin
89%
Nuits d'Arabie Aladdin
87%
Je voudrais déjà être roi Le Roi Lion
85%
Ne parlons pas de Bruno Encanto
84%
La Famille Madrigal Encanto
83%
Il en faut peu pour être heureux Le Livre de la jungle
83%
Hakuna Matata Le Roi Lion
83%
Ce rêve bleu / Un nouveau monde Aladdin
82%
La Piraterie Peter Pan
78%
L'Histoire de la vie Le Roi Lion
76%
Tu t'envoles / J'ai des ailes Peter Pan
74%
Le Bleu lumière Vaiana
63%
L'amour brille sous les étoiles Le Roi Lion
62%
Être un homme comme vous Le Livre de la jungle
59%
Pour les hommes Vaiana
56%
Je vole / Pour une bouchée d'pain Aladdin
53%
La Deuxième Petite Étoile Peter Pan
51%
Sous les apparences Encanto
49%
Notre terre Vaiana
49%
Que sais-je faire d'autre ? Encanto
45%
Aie confiance Le Livre de la jungle
45%
Je suis ton meilleur ami Aladdin
39%
Bling-bling Vaiana
37%
Soyez prêtes Le Roi Lion
35%
Le Roi des voleurs Peter Pan
6%
Aucun quiz correspondant
Distribution des résultats
% des personnes avec chaque résultat
Percentile par nombre de réponses
Votre historique - résultats
Vous n’avez pas pris ce quiz